000 00843nam a22002297a 4500
999 _c638
_d638
003 AR-CdUCM
008 190225b ||||| |||| 00| 0 spa d
040 _aMUNICIPALIDAD PROVINCIAL DEL CUSCO
_cBIBLIOTECA MUNICIPAL DEL CUSCO
082 _a869.56 /
_bM26
100 _aMariátegui, José Carlos
_92478
245 _aLa novela y la vida :
_bSiegfried y el profesor canela /
_cJosé Carlos Mariátegui
260 _aLima :
_bAmauta,
_c1955.
300 _a182 paginas ;
_c17 cm.
440 _aBiblioteca Amauta
_n4
_92479
505 _aLa vida que me diste -- La civilización y el caballo -- Divagación de navidad -- El día de la raza -- Motivos de carnaval ...
650 _aEnsayos Sintéticos
_92480
650 _aReportajes
_92481
650 _aEncuestas
_92482
650 _aNovela
_95
942 _2ddc
_cLIBROS
945 _aacv
_d2019-02-25